Sports Quiz

Random Sports or City Quiz
Score 0/26 Timer 12:00
2 Plays Today
Wins City % Correct
14Paris
98.4%
1Paris
98.4%
20Toulouse
92.4%
2Lyon
85.7%
1Lyon
85.7%
4Toulon
83.4%
9Bordeaux
79.4%
1Mont-de-Marsan
76.9%
2Clermont-Ferrand
70%
5Biarritz
65.1%
7Perpignan
63.3%
3Pau
54.3%
3Bayonne
53.8%
Wins City % Correct
5Castres
52%
8Agen
46.7%
1Grenoble
45.3%
11Béziers
44.1%
2Narbonne
38.6%
2Tarbes
32.8%
8Lourdes
31.4%
1Montauban
30.5%
6Nanterre
16.9%
1Valence
11.5%
1Vienne
7.6%
1Quillan
6.5%
1Carmaux
6%

You're not logged in!

Compare scores with friends on all Sporcle quizzes.
OR
Log In

Sporcle TV

Today on Sporcle TV


Watch our educational content, quiz creation guides, and fun videos on Sporcle TV.

Show Comments

Extras

Top Quizzes Today


Score Distribution

Paid Content

Your Account Isn't Verified!

In order to create a playlist on Sporcle, you need to verify the email address you used during registration. Go to your Sporcle Settings to finish the process.

Report this User

Report this user for behavior that violates our Community Guidelines.

Details: